Role of institutional finance in the agricultural development of Bihar (Record no. 19429)
[ view plain ]
| 000 -LEADER | |
|---|---|
| fixed length control field | 00437nam a2200145Ia 4500 |
| 082 ## - DEWEY DECIMAL CLASSIFICATION NUMBER | |
| Classification number | TC.0059 |
| 100 ## - MAIN ENTRY--AUTHOR NAME | |
| Personal name | Chitranjan |
| 245 #0 - TITLE STATEMENT | |
| Title | Role of institutional finance in the agricultural development of Bihar |
| 260 ## - PUBLICATION, DISTRIBUTION, ETC. (IMPRINT) | |
| Year of publication | 1978 |
| Name of publisher | University of Bihar |
| 650 ## - SUBJECT ADDED ENTRY--TOPICAL TERM | |
| Topical Term | Financial institutions |
| Geographic subdivision | India |
| -- | Bihar |
| 650 ## - SUBJECT ADDED ENTRY--TOPICAL TERM | |
| Topical Term | Bank loans |
| Geographic subdivision | India |
| -- | Bihar |
| 650 ## - SUBJECT ADDED ENTRY--TOPICAL TERM | |
| Topical Term | Agricultural credit |
| Geographic subdivision | India |
| -- | Bihar |
| 710 ## - ADDED ENTRY--CORPORATE NAME | |
| Corporate name or jurisdiction name as entry element | Singh, Shiv Balak |
| 942 ## - ADDED ENTRY ELEMENTS (KOHA) | |
| Koha item type | Thesis |
| Source of classification or shelving scheme | Dewey Decimal Classification |
| Withdrawn status | Lost status | Damaged status | Not for loan | Home library | Current library | Date acquired | Bill Date | Full call number | Accession Number | Price effective from | Koha item type |
|---|---|---|---|---|---|---|---|---|---|---|---|
| NASSDOC Library | NASSDOC Library | 08/10/2004 | 2004-10-22 | TC.0059 | 18819 | 18/04/2019 | Thesis |
